Scream Ghostface - Statistiques

Statistiques générales
  • Ce quiz a été pris 98 fois
  • Le résultat moyen est 9 sur 16
Statistiques - réponses
Hint Réponse % Correct
Scream 1 Billy
99%
Scream 1 Stu
99%
Scream 5 Amber
81%
Scream 4 Jill
80%
Scream 5 Richie
78%
Scream 3 Roman
78%
Scream 2 Mickey
76%
Scream 4 Charlie
68%
Scream 6 Ethan
68%
Scream 6 Quinn
46%
Scream 7 Jessica
36%
Scream 6 Wayne
30%
Scream 6 Jason
24%
Scream 7 Karl
24%
Scream 7 Marco
22%
Scream 2 Mme Loomis
16%
Aucun quiz correspondant
Distribution des résultats
% des personnes avec chaque résultat
Percentile par nombre de réponses
Votre historique - résultats
Vous n’avez pas pris ce quiz